Organizace práce v jednotřídní mateřské škole podle prozatímních osnov

Bibliographic Details
Main Author: Konečná, Z. (Author)
Format: Article
Language:Czech

MARC

LEADER 00000nab a2200000uu 4500
001 vtls011438075
003 SK-MaSNL
005 20260303145645.0
008 230222| xo |||||||||||||||||cze|
015 |a SNBRB 
035 |a (urnnbn)urn:nbn:sk:snk:ar-002nxp 
035 |a (uuid)fe950838-535f-4eaa-ac47-b5c2d9d66a16 
035 |a urn:nbn:sk:snk-abcd36 
040 |a SNKBUCL  |b slo  |c SNKBUCL  |e AACR2 
041 0 |a cze 
044 |a xo  |c SK 
100 1 |a Konečná, Z.  |4 aut  |9 1168370 
245 1 0 |a Organizace práce v jednotřídní mateřské škole podle prozatímních osnov  |c Z. Konečná 
773 0 |t Predškolská výchova : pedagogický časopis pre učiteľky materských škôl  |g Roč. 32, č. 7 (1977-1978), s. 188-189 
958 |a OND 
958 |a EUIPO 
958 |a article16 
999 |c 2004367  |d 2006297